Mitteilungen der Vereinigung Österreichischer Bibliothekarinnen & Bibliothekare (Record no. 5832)

MARC details
000 -LEADER
fixed length control field 00520nas a22001937i 4500
001 - CONTROL NUMBER
control field 6207
003 - CONTROL NUMBER IDENTIFIER
control field OSt
005 - DATE AND TIME OF LATEST TRANSACTION
control field 20170126082353.0
007 - PHYSICAL DESCRIPTION FIXED FIELD--GENERAL INFORMATION
fixed length control field tu
008 - FIXED-LENGTH DATA ELEMENTS--GENERAL INFORMATION
fixed length control field 161220s xxu||||| |||| 00| 0 d
022 ## - INTERNATIONAL STANDARD SERIAL NUMBER
International Standard Serial Number 1022-2588
024 7# - OTHER STANDARD IDENTIFIER
Standard number or code 6207
Source of number or code RID
024 7# - OTHER STANDARD IDENTIFIER
Standard number or code 6207
Source of number or code RSN (alt)
040 ## - CATALOGING SOURCE
Transcribing agency OSt
110 2# - MAIN ENTRY--CORPORATE NAME
Corporate name or jurisdiction name as entry element Vereinigung Österreichischer Bibliothekarinnen und Bibliothekare
245 00 - TITLE STATEMENT
Title Mitteilungen der Vereinigung Österreichischer Bibliothekarinnen & Bibliothekare
260 ## - PUBLICATION, DISTRIBUTION, ETC.
Place of publication, distribution, etc. Bregenz :
Name of publisher, distributor, etc. VÖB.
866 #0 - TEXTUAL HOLDINGS--BASIC BIBLIOGRAPHIC UNIT
-- 2004 57/1 -
942 ## - ADDED ENTRY ELEMENTS (KOHA)
Koha item type Journal
Holdings
Withdrawn status Lost status Damaged status Not for loan Home library Current library Shelving location Date acquired Inventory number Total Checkouts Barcode Date last seen Price effective from Koha item type
        WIIW WIIW Library 08/04/2004 6207   10001689 01/26/2017 01/26/2017 Journal
The Vienna Instiute for International Economic Studies (wiiw)